Obscure Musicals (Song Titles) Quiz Stats

 Plays Quiz not verified by Sporcle

Support Sporcle.
Go Orange.
Score 0/31 Timer 05:00
0 Plays Today
Song Title Musical % Correct
Unworthy Of Your LoveAssassins
51%
Proud LadyThe Baker's Wife
21.6%
Touch My SoulBare: A Pop Opera
19.6%
Jenny the PirateThe Threepenny Opera
15.7%
Ready to SettleHigh Fidelity The Musical
15.7%
The Boy Next DoorMeet Me In St. Louis
15.7%
The MistDracula the Musical
13.7%
After All This TimeLestat
9.8%
I've Never Said I Love YouDear World
7.8%
If This Is What We're Fighting ForThe Beautiful Game
7.8%
It's A FishThe Apple Tree
7.8%
My Brother Lived in San FranciscoElegies for Angels, Punks, and Raging Queens
5.9%
Chanson D'enfanceAspects of Love
5.9%
No Honest WayA Tale of Two Cities
5.9%
RooftopNewsies
5.9%
SuperloverBrooklyn
5.9%
Song Title Musical % Correct
Ich Bin KunstTaboo
3.9%
Dead Old ManReefer Madness
3.9%
A Whole Lot WorseCry-Baby
3.9%
November SongSugar
3.9%
Deeper in the WoodsThe Robber Bridegroom
2%
GrandpapaZorba
2%
Not Enough MagicThe Rink
2%
Fear of FlyingRooms: A Rock Romance
2%
Backstage CourtshipMartin Short: Fame Becomes Me
2%
Books, BooksDance of the Vampires
0%
Get The GeekThe Toxic Avenger
0%
The Woman in His RoomWhere's Charley
0%
It's In His KissThe Marvelous Wonderettes
0%
17 and 21Strike Up The Band
0%
Me and My ShadowFunny Lady
0%

You're not logged in!

Compare scores with friends on all Sporcle quizzes.
OR
Log In

From the Vault

Book Titles in Other Words

by LTH

Honestly, the Confidential Eden or Gethsemane is a classic.
Remove Ads.
Support Sporcle.
Get the best of Sporcle when you Go Orange. This ad-free experience offers more features, more stats, and more fun while also helping to support Sporcle. Thank you for becoming a member.

Show Comments

Extras

Created Feb 24, 2011ReportNominate
Tags:Musical Quiz, Song Quiz, obscure

Top Quizzes Today


Score Distribution

Your Account Isn't Verified!

In order to create a playlist on Sporcle, you need to verify the email address you used during registration. Go to your Sporcle Settings to finish the process.

Report this User

Report this user for behavior that violates our Community Guidelines.

Details: